Score 0/12 Timer 03:00
0 Plays Today
Scramble Word % Correct
LOPEPole
96.2%
VAAJJava
95%
AAFVFava
93.8%
KLCABBlack
93.1%
GRINSTString
85.3%
GENREGreen
83.4%
MALILima
81.8%
DINKEYKidney
80.7%
Word in common with all of the above:Bean
74.9%
POINTPinto
59.6%
ZAARGONBGarbanzo
54.1%
TROUNCECounter
41.6%
Remove Ads.
Support Sporcle.
Get the best of Sporcle when you Go Orange. This ad-free experience offers more features, more stats, and more fun while also helping to support Sporcle. Thank you for becoming a member.

You're not logged in!

Compare scores with friends on all Sporcle quizzes.
OR
Log In

Show Comments

Extras

Top Quizzes Today


Score Distribution

Your Account Isn't Verified!

In order to create a playlist on Sporcle, you need to verify the email address you used during registration. Go to your Sporcle Settings to finish the process.

Report this User

Report this user for behavior that violates our Community Guidelines.

Details: